| 000 | 00486nam a22001577a 4500 | ||
|---|---|---|---|
| 005 | 20251108164206.0 | ||
| 008 | 250721s1972 xx 000 0 ara d | ||
| 082 | 1 | 4 | _a215.2/محم |
| 100 | 1 | _aعماره، محمد | |
| 245 | 1 | 0 | _aالمعتزلة و مشكلة الحرية الإنسانية / |
| 264 | 1 |
_aبيروت : _bالمؤسسة العربيه للدراشات و النشر، _c1972. |
|
| 300 | _a224ص. | ||
| 650 | 1 | 7 | _aالمعتزلة |
| 942 |
_2ddc _cBK |
||
| 999 |
_c5982 _d5982 |
||